000 00884nam a2200253 i 4500
001 187174
003 SpMaBN
005 20250702020111.0
008 170427s1989 sp |||| |bspa d
020 _a84-7423-389-5
080 _a929:1 Descartes, René
100 1 _aGarin, Eugenio.
_955558
245 1 0 _aDescartes /
_cEugenio Garin ; traducción castellana de José Martínez Gázquez.
260 _aBarcelona :
_bCrítica,
_c[1989]
300 _a242 p. ;
_c20 cm.
490 1 _aSerie general.
_aLetras e ideas ;
_v188
500 _aCronología.
500 _aÍndice onomástico.
504 _aBibliografía: p. [197]-227.
600 1 4 _aDescartes, René,
_d1596-1650
_943838
830 0 _aSerie general.
_aLetras e ideas ;
_v188
_9232046
852 _aES-MaACL
_jL-31507
_z. - Donat. herederos de la bibl. de Mª del Pilar Costa Palacín
999 _c187174
_d187174